000 00281nam a22001337a 4500
008 171201b xxu||||| |||| 00| 0 eng d
020 _a654065001
041 _aeng
080 _a658.15
100 _a55
101 _aSIP
245 _aTHE VITAL FEW
_cHUGHES, J
942 _2udc
_cBK
999 _c38715
_d38715